Matemt̀icas financieras con aplicaciones en excel

Detalles Bibliográficos
Autor principal: Bedoya Valencia, Humberto
Formato: eBook
Lenguaje:español
Publicado: Bogot:̀ ECOE, 2019
Materias:
Acceso en línea:Acceso restringido

MARC

LEADER 00000nam a22000007a 4500
005 20200311220422.0
007 cr|||| ||||
008 200311s2019 co |||||s|||| 00||0 spa d
020 |a 978-958-771-845-4 
035 |a 31254 
040 |a vLex 
090 |c 10233  |d 10233 
100 1 |a Bedoya Valencia, Humberto 
245 1 0 |a Matemt̀icas financieras con aplicaciones en excel  |h [Recurso electrn̤ico] /  |c Humberto Bedoya Valencia 
256 |a Servicio en ln̕ea 
260 |a Bogot:̀  |b ECOE,  |c 2019 
300 |a 1 recurso electrn̤ico 
506 1 |a Disponible solo en los productos indicados  |d vLex Global  |d vLex Global (Academic Edition, excluding Law Schools)  |d vLex Global (U.S. Academic Edition, Law Schools)  |d vLex Global (U.S. Academic Edition, excluding Law Schools)  |d vLex Global (Academic Edition, Law Schools) 
650 0 4 |a Economa̕ y negocios  |z Colombia 
740 0 |a vLex Libros (Servicio en ln̕ea) 
856 4 0 |u http://vlex.com/source/matematicas-financieras-aplicaciones-excel-31254  |z Acceso restringido 
942 |c BOOK 
999 0 |a Economy and business